| 000 | 00743cab a2200253 4500 | ||
|---|---|---|---|
| 001 | ABS43277 | ||
| 008 | 090401t1990 xxu||||| |||| 00| 0 eng d | ||
| 035 | _a(Sirsi) u41185 | ||
| 041 | _aeng | ||
| 100 | _aJohnson, C. | ||
| 245 | _aFarmland as a business asset | ||
| 260 | _c1990 | ||
| 350 | _a0 | ||
| 490 |
_aJournal of Agricultural Economics _v41(2) May 1990, 135-148(14) |
||
| 520 | _aDetermines factors, such as rollover relief or land being bought for housing development , affecting agricultural land values . | ||
| 650 | _aALTERNATIVE USES | ||
| 650 | _aDIVERSIFICATION | ||
| 650 | _aFARM BUILDINGS | ||
| 650 | _aFARMLAND | ||
| 650 |
_aLand use _96251 |
||
| 690 | _aRURAL PRACTICE | ||
| 942 | _n0 | ||
| 948 | _c04/03/1997 | ||
| 999 |
_c26456 _d26456 |
||